The ASTD handbook of training design and delivery : (Record no. 132273)

MARC details
000 -LEADER
fixed length control field 01028nam a22002537a 4500
005 - DATE AND TIME OF LATEST TRANSACTION
control field 20170124110152.0
010 ## - LIBRARY OF CONGRESS CONTROL NUMBER
LC control number B-132655
020 ## - INTERNATIONAL STANDARD BOOK NUMBER
Terms of availability 00.00
International Standard Book Number 0070594007
035 ## - SYSTEM CONTROL NUMBER
System control number B-132655
037 ## - SOURCE OF ACQUISITION
Source of stock number/acquisition Cen Lib/Ret
040 ## - CATALOGING SOURCE
Original cataloging agency DPL
Language of cataloging EN
082 ## - DEWEY DECIMAL CLASSIFICATION NUMBER
Classification number 658.3124
Item number AST
245 ## - TITLE STATEMENT
Title The ASTD handbook of training design and delivery :
Statement of responsibility, etc edited by George M.Piskurich,Peter Beckschi [and] Brandon Hall
Remainder of title a comprehensive guide to creating and delivering training programs, instructor-led, computer-based, or self-directed /
260 ## - PUBLICATION, DISTRIBUTION, ETC. (IMPRINT)
Place of publication, distribution, etc New Delhi
Name of publisher, distributor, etc Tata McGraw-Hill Publishing Company
Date of publication, distribution, etc 2000
270 ## - ADDRESS
Address 7 West Patel Nagar
City New Delhi
Postal code 110008
300 ## - PHYSICAL DESCRIPTION
Extent xxiii,530p.
Dimensions 25cm(Hb)
500 ## - GENERAL NOTE
General note Includes bibliographical references and index<br/>
650 ## - SUBJECT ADDED ENTRY--TOPICAL TERM
Topical term or geographic name as entry element Adult learning
9 (RLIN) 34186
650 ## - SUBJECT ADDED ENTRY--TOPICAL TERM
Topical term or geographic name as entry element Instructional systems -Design -- Handbooks, manuals, etc
9 (RLIN) 34187
700 ## - ADDED ENTRY--PERSONAL NAME
Personal name Piskurich, George M.
9 (RLIN) 34188
700 ## - ADDED ENTRY--PERSONAL NAME
Personal name Beckschi, Peter
9 (RLIN) 34189
700 ## - ADDED ENTRY--PERSONAL NAME
Personal name Hall, Brandon
9 (RLIN) 34190
942 ## - ADDED ENTRY ELEMENTS (KOHA)
Source of classification or shelving scheme Dewey Decimal Classification
Koha item type English Books
Classification part 658.3124
Call number suffix AST
Holdings
Withdrawn status Lost status Damaged status Not for loan Home library Current library Date acquired Source of acquisition Cost, normal purchase price Total Checkouts Full call number Barcode Date last seen Copy number Cost, replacement price Price effective from Koha item type
        Central Library Central Library 21/07/2015 Cen Lib/Ret 0.00   658.3124 AST B-132655 21/07/2015 1 0.00 21/07/2015 English Books

© Delhi Public Library
Hit Counter
free hit counter